Domobrana

Politicko-branný týždenník. Okrem ideologického úvodníka prinášal politicko-výchovné materiály, vojenské zaujímavosti, rubriky Čo nového v Domobrane, Pracovný sbor NO. Bol ostro zameraný proti SNP

Bibliographic Details
Other Authors: Pyšný, Eduard (Publishing director)
Format: Journal
Language:Slovak
PhysicalDescription:2 zv. 31-42 cm
Published: Bratislava Úrad propagandy 1944-1945
Subjects:

MARC

LEADER 00000cas a2200000 a 4500
001 vtls010300046
003 SK-MaSNL
005 20260228162442.0
008 110810d19441945xo wr p r 0 b0slo
040 |a SNK  |b slo  |c SNK  |e AACR2 
041 0 |a slo 
044 |a xo  |c SK 
072 7 |a 355/359  |x Vojenstvo. Obrana krajiny. Ozbrojené sily  |2 konspekt 
072 7 |a 32  |x Politika  |2 konspekt 
080 |a 355.351.3  |2 2001 
080 |a 355.586  |2 2011 
080 |a 32  |2 2011 
080 |a 050  |2 2011 
080 |a (051)-048.55  |2 2011 
245 0 0 |a Domobrana 
260 |a Bratislava  |b Úrad propagandy  |c 1944-1945 
300 |a 2 zv.  |c 31-42 cm 
310 |a 1x týždenne 
362 0 |a Roč. I, č. 1 (4.11.1944)-roč. II, č. 11 (24.2.1945) 
500 |a Od r. 1945 rozmer zväzku 42 cm 
500 |a Zodp. red.: 1944, Ján Doranský 
500 |a Tlač. Štát. kníhtlač. 
500 |a Hl. red.: 1945, E. Pyšný 
520 |a Politicko-branný týždenník. Okrem ideologického úvodníka prinášal politicko-výchovné materiály, vojenské zaujímavosti, rubriky Čo nového v Domobrane, Pracovný sbor NO. Bol ostro zameraný proti SNP 
650 0 7 |a politika  |2 SNKPH  |9 968 
650 0 7 |a branná výchova  |2 SNKPH  |9 71875 
650 0 7 |a domobrana  |2 SNKPH  |9 83453 
655 7 |a špecializované časopisy  |2 SNKPH  |9 70509 
700 1 |a Doranský, Ján  |4 lso  |9 269398 
700 1 |a Pyšný, Eduard  |4 pbd  |9 271110 
910 |a snk 
999 |c 7899  |d 9829 
952 |0 0  |1 0  |4 0  |7 0  |a SNK  |b SNK  |d 2003-02-19  |l 0  |o snkČSA 205/1/1944 D1  |p 17A0373854  |r 2005-01-02 00:00:00  |t č. 1-8, neúplné  |w 2026-02-21  |y PREZ  |z Chýba č. 1-5 
952 |0 0  |1 0  |4 0  |7 0  |a SNK  |b SNK  |d 2003-02-19  |l 0  |o snkČSA 205/2/1945  |p 17A0199993  |r 2005-01-02 00:00:00  |t č. 1-11  |w 2026-02-21  |y PREZ 
952 |0 0  |1 0  |4 0  |7 0  |a SNK  |b SNK  |d 2003-02-19  |l 0  |o snkČSA 205/2/1945 D1  |p 17A0373926  |r 2005-01-02 00:00:00  |t č. 1-11  |w 2026-02-21  |y PREZ 
952 |0 0  |1 0  |4 0  |7 0  |a SNK  |b SNK  |d 1999-04-19  |l 0  |o snkČSA 205/1/1944  |p 17A0190652  |r 2005-01-02 00:00:00  |t č. 1-8  |w 2026-02-21  |y PREZ